The Animation Bible (Record no. 2106)

000 -LEADER
fixed length control field 00358nam a2200145Ia 4500
008 - FIXED-LENGTH DATA ELEMENTS--GENERAL INFORMATION
fixed length control field 180730s9999||||xx |||||||||||||| ||und||
020 ## - INTERNATIONAL STANDARD BOOK NUMBER
International Standard Book Number 9780810995451
082 ## - DEWEY DECIMAL CLASSIFICATION NUMBER
Classification number 791.433
Item number FUR/T
100 ## - MAIN ENTRY--PERSONAL NAME
Personal name Furniss, Maureen
245 #4 - TITLE STATEMENT
Title The Animation Bible
250 ## - EDITION STATEMENT
Edition statement 1st Edition
260 ## - PUBLICATION, DISTRIBUTION, ETC.
Place of publication, distribution, etc. New Yark
Name of publisher, distributor, etc. Laurnience King Pub.
Date of publication, distribution, etc. 2008
300 ## - PHYSICAL DESCRIPTION
Extent 340p
942 ## - ADDED ENTRY ELEMENTS (KOHA)
Institution code [OBSOLETE] BK
Holdings
Withdrawn status Lost status Damaged status Not for loan Collection code Permanent Location Current Location Date acquired Cost, normal purchase price Full call number Barcode Date last seen Price effective from Koha item type
        School of Animation (Noida) MUIT-NOIDA MUIT-NOIDA 2018-07-30 1493.00 791.433 FUR/T ANM00155 2018-07-30 2018-07-30 Book

All Rights Reserved@MUIT

Powered by Koha